| 000 | 00500nam a2200217Ia 4500 | ||
|---|---|---|---|
| 008 | 210210b2005 xxu||||| |||| 00| 0 eng d | ||
| 020 | _a8183250009 | ||
| 041 | _aeng | ||
| 082 | _a338.5 PRAW | ||
| 100 | _aPRASAD (A R) | ||
| 245 | _aWorking tools of microeconomics | ||
| 260 |
_aNew Delhi _bNot Mentioned _c2005 |
||
| 300 | _axxxvi,588 | ||
| 650 | _aWorking | ||
| 650 | _atools | ||
| 650 | _aof | ||
| 650 | _amicro | ||
| 650 | _aeconomics | ||
| 690 | _aMicroeconomics | ||
| 906 | _a061921 | ||
| 999 |
_c115794 _d115794 |
||